000 00735nam a2200193Ia 4500
999 _c54453
_d54453
003 GCL
005 20240530105250.0
008 140319s9999 xx 000 0 ara d
040 _aGCL /
_cGCL
082 0 4 _a301.04
_bم س
100 1 _aمحمد الغريب الكريم
245 1 0 _aالسسيولوجيا الوظيفية: دراسات نقدية تحليلية فى نظرية علم الاجتماع الغربى /
_cمحمد الغريب الكريم
260 _a[S.N] :
_bالمكتب الجامعى الحديث ،
_c1988
300 _a240 ص
490 _aسلسلة دراسات اجتماعية وسكانية
_v0
650 0 4 _aالاجتماع
650 0 4 _aنظريات علم الاجتماع
942 _2ddc
_cBK